000 00440nam a2200157Ia 4500
003 GCL
008 140319s9999 xx 000 0 eng d
040 _aGCL /
_cGCL
082 0 4 _a351.862
_bG O
100 1 _aGARVIN,DAVID A
245 1 0 _aOPERTIONS STRATEGY: TEXT AND CASES /
_cGARVIN,DAVID A
260 _a[S.N] :
_bPRENTICE- HELL INTERNATIONAL, INC. ،
_c1992
300 _a507 P
650 0 4 _aOPERATIONAL AMPLIFIERS
942 _2ddc
_cBK
999 _c17054
_d17054